书目信息 |
| 题名: |
新加坡通俗史
|
|
| 作者: | 哈·弗·皮尔逊 著 ;福建师范大学外语系翻译小组 译 | |
| 分册: | ||
| 出版信息: | 福州 福建人民出版社 1974.12 |
|
| 页数: | 178页 | |
| 开本: | 20cm | |
| 丛书名: | ||
| 单 册: | ||
| 中图分类: | K339 | |
| 科图分类: | ||
| 主题词: | 东南亚--历史 | |
| 电子资源: | ||
| ISBN: | ||
| 000 | 00757nam0 2200241 45 | |
| 001 | 0212180896 | |
| 005 | 20031219104102.4 | |
| 010 | @dCNY0.64 | |
| 091 | @a11173.4 | |
| 100 | @a20021218d1974 km y0chiy0120 ea | |
| 101 | 0 | @achi |
| 105 | @aab z 000yy | |
| 200 | 1 | @a新加坡通俗史@AXin Jia Po Tong Su Shi@f(英)哈·弗·皮尔逊著@F(Ying)Ha·Fu·Pi Er Xun Zhu@g福建师范大学外语系翻译小组译 |
| 210 | @a福州@c福建人民出版社@d1974.12 | |
| 215 | @a178页@c照片,地图@d20cm | |
| 300 | @a内部参考读物 | |
| 320 | @a索引 | |
| 606 | 0 | @a东南亚@x历史 |
| 690 | @aK339@v3 | |
| 701 | 0 | @a哈·弗·皮尔逊@4著 |
| 712 | 02 | @a福建师范大学外语系翻译小组@AFu Jian Shi Fan Da Xue Wai Yu Xi Fan Yi Xiao Zu@4译 |
| 801 | @aCN@bTSTC@c20021218 | |
| 905 | @f1@b219222@dK339@e2 | |
| 新加坡通俗史/(英)哈·弗·皮尔逊著/福建师范大学外语系翻译小组译.-福州:福建人民出版社,1974.12 |
| 178页:照片,地图;20cm |
| 内部参考读物 |
| ISBN :CNY0.64 |
| ● |
| 相关链接 |
|
|
|
|
正题名:新加坡通俗史
索取号:K339/2
 
预约/预借
| 序号 | 登录号 | 条形码 | 馆藏地/架位号 | 状态 | 备注 |
| 1 | 0219222 | 001737133 | 第二样本阅览室/ [索取号:K339/2] | 在馆 |